| 000 | 01078cam a22002174a 4500 | ||
|---|---|---|---|
| 005 | 20250605164330.0 | ||
| 008 | 250528s ||||||||||||||||||||||||d | ||
| 035 | _a23195 | ||
| 020 | _a9781446252536 | ||
| 040 |
_aGR-AtMCL _bgre _dGR-AtMCL _eAACR2 |
||
| 245 | 1 | _aPerson - Centred Counselling in Action | |
| 250 | _a4th | ||
| 260 |
_bSage, _c2013 |
||
| 300 | _a228 | ||
| 520 | _aThis book is an invaluable resource for those embarking on their first stages of training. Well - established practitioners and even seasoned scholars will continue to find much to interest and stimulate them. Acknowledgements, Introduction, Basic Theory of the Person - Centred Approach, Recent Developments in Person - Centred Theory, The Counsellor's Use of the Self, Empathy, Unconditional Positive Regard, Congruence, Beginnings, Middles, Endings, Research on Person - Centred Counselling, Appendix: Questions and Responses, References, Index of Names and Subject. | ||
| 700 | 1 |
_aMearns Dave _97594 |
|
| 700 | 1 |
_aThorne Brian _97595 |
|
| 942 | _cBK | ||
| 999 |
_c8225 _d8225 |
||